Internationalising higher education / (Record no. 1810)
[ view plain ]
| 000 -LEADER | |
|---|---|
| fixed length control field | 00689nam a2200205 ar4500 |
| 001 - CONTROL NUMBER | |
| control field | 1812 |
| 005 - DATE AND TIME OF LATEST TRANSACTION | |
| control field | 20221127090308.0 |
| 008 - FIXED-LENGTH DATA ELEMENTS--GENERAL INFORMATION | |
| fixed length control field | 100306s xxka 00110|eng d |
| 020 ## - INTERNATIONAL STANDARD BOOK NUMBER | |
| International Standard Book Number | 9780415419901(pbk) : |
| Terms of availability | SR141.00 |
| 082 04 - DEWEY DECIMAL CLASSIFICATION NUMBER | |
| Classification number | 378.016 |
| Item number | In8 2007 |
| 245 00 - TITLE STATEMENT | |
| Title | Internationalising higher education / |
| Statement of responsibility, etc. | edited by Elspeth Jones, S. Brown. |
| 260 ## - PUBLICATION, DISTRIBUTION, ETC. | |
| Place of publication, distribution, etc. | London ; |
| -- | New York : |
| Name of publisher, distributor, etc. | Routledge, |
| Date of publication, distribution, etc. | 2007. |
| 300 ## - PHYSICAL DESCRIPTION | |
| Extent | xvii, 243 p. : |
| Other physical details | ill. ; |
| Dimensions | 23 cm. |
| 504 ## - BIBLIOGRAPHY, ETC. NOTE | |
| Bibliography, etc. note | Includes bibl. references and index. |
| 650 #4 - SUBJECT ADDED ENTRY--TOPICAL TERM | |
| Topical term or geographic name entry element | International education. |
| 650 #4 - SUBJECT ADDED ENTRY--TOPICAL TERM | |
| Topical term or geographic name entry element | Universities and colleges |
| General subdivision | Curricula. |
| 650 #4 - SUBJECT ADDED ENTRY--TOPICAL TERM | |
| Topical term or geographic name entry element | Education, Higher. |
| 700 0# - ADDED ENTRY--PERSONAL NAME | |
| Personal name | Jones, Elspeth, |
| Relator term | editor. |
| 700 0# - ADDED ENTRY--PERSONAL NAME | |
| Personal name | Brown, Sally, |
| Relator term | jt. ed. |
| Withdrawn status | Lost status | Source of classification or shelving scheme | Damaged status | Not for loan | Home library | Current library | Date acquired | Total Checkouts | Full call number | Barcode | Date last seen | Date last checked out | Copy number | Price effective from | Koha item type |
|---|---|---|---|---|---|---|---|---|---|---|---|---|---|---|---|
| 11/27/2022 | 378.016 In8 2007 | 1000000006243 | 11/27/2022 | C2 | 11/27/2022 | Book | |||||||||
| CENTRAL | CENTRAL | 11/27/2022 | 1 | 378.016 In8 2007 | 1000000005866 | 11/14/2023 | 10/30/2023 | C1 | 11/27/2022 | Book |
